000
00250nam a2200109Ia 4500
008
190216s9999||||xx |||||||||||||| ||und||
100
_a
Norman Cousins
245
0
_a
Profil Nehru
260
_b
Indian Book Company
_c
1966
300
_a
80p
942
_c
REF
999
_c
35141
_d
35141